000 00350nam a2200121 4500
999 _c13047
_d13047
008 190207b ||||| |||| 00| 0 eng d
100 _936721
_aRomero, Alexis
245 _aDuterte OKs 'nutrisyong mag Nanay' law/
_cAlexis Romero
260 _aPhilippines
_bThe Philippine Star
_cc2018
300 _apage 7.
650 0 _937097
_aLaw.
942 _2ddc
_cPER